Manual de derecho civil (Registro nro. 1881)

Detalles MARC
000 -LEADER
fixed length control field 01495 a2200265 4500
001 - CONTROL NUMBER
control field 29467
005 - DATE AND TIME OF LATEST TRANSACTION
control field 20260407155604.0
008 - FIXED-LENGTH DATA ELEMENTS--GENERAL INFORMATION
fixed length control field 260407a1999 arg spa d
003 - CONTROL NUMBER IDENTIFIER
control field AR-UNSa-BCEJYS
040 ## - CATALOGING SOURCE
Original cataloging agency AR-UNSa-BCEJYS
Language of cataloging spa
Transcribing agency AR-UNSa-BCEJYS
080 ## - UNIVERSAL DECIMAL CLASSIFICATION NUMBER
Universal Decimal Classification number 347.4
Common auxiliary subdivision Obligaciones. Contratos. Acuerdos. Convenios
020 ## - INTERNATIONAL STANDARD BOOK NUMBER
International Standard Book Number 950-20-1186-4
041 ## - LANGUAGE CODE
Language code of text/sound track or separate title spa
100 1# - MAIN ENTRY--PERSONAL NAME
Personal name Benegas, Patricio Raffo
245 10 - TITLE STATEMENT
Title Manual de derecho civil
Name of part/section of a work obligaciones
250 ## - EDITION STATEMENT
Edition statement 12a. ed.
264 #1 - PRODUCTION, PUBLICATION, DISTRIBUTION, MANUFACTURE, AND COPYRIGHT NOTICE
Place of production, publication, distribution, manufacture Buenos Aires :
Name of producer, publisher, distributor, manufacturer Abeledo Perrot
Date of production, publication, distribution, manufacture, or copyright notice 1999
300 ## - PHYSICAL DESCRIPTION
Extent 789 p.
Dimensions 23 cm.
505 ## - FORMATTED CONTENTS NOTE
Formatted contents note Sección Primera: Teoría general de la obligación - 1. Naturaleza de las obligaciones - 2. Interdependencia de las obligaciones - 3. Efectos principlaes de las obligaciones - 4. Efectos auxiliares de las obligaciones - 5. Clasificación de las obligaciones - 6. Trasmisión y reconocimiento de las obligaciones - 7. Extinción de las obligaciones-Pago - 8. Convenciones liberatorias - 9. Hechos extintivos - Sección Segunda: Fuentes extracontractuales de las obligaciones - 10. Voluntad unilateral - 11. Hechos ilícitos - 12.Delitos - 13. Cuasidelitos - 14. Acciones por indemnización - 15. Responsabilidades especiales - 16. Enriquecimiento sin causa - 17. Obligaciones Ex-Lege
590 ## - LOCAL NOTE (RLIN)
Local note niveau_biblio:m niveau_hierar:0
700 1# - ADDED ENTRY--PERSONAL NAME
Personal name Llambías, Jorge Joaquín
700 1# - ADDED ENTRY--PERSONAL NAME
Personal name Sassot, Rafael A.
856 41 - ELECTRONIC LOCATION AND ACCESS
Uniform Resource Identifier <a href="https://170.210.207.44/pmb/images/libros/L85949.jpg">https://170.210.207.44/pmb/images/libros/L85949.jpg</a>
Link text Imagen de portada
Electronic format type image/jpeg
942 ## - ADDED ENTRY ELEMENTS (KOHA)
Koha item type
Existencias
Withdrawn status Lost status Damaged status Not for loan Home library Current library Shelving location Date acquired Total checkouts Full call number Barcode Date last seen Price effective from Koha item type
        Biblioteca Prof. Eusebio Cleto del Rey Biblioteca Prof. Eusebio Cleto del Rey   07/04/2026   347.4 L791 12ed. L85946 07/04/2026 07/04/2026 Libro
        Biblioteca Prof. Eusebio Cleto del Rey Biblioteca Prof. Eusebio Cleto del Rey   07/04/2026   347.4 L791 12ed. L85948 07/04/2026 07/04/2026 Libro
        Biblioteca Prof. Eusebio Cleto del Rey Biblioteca Prof. Eusebio Cleto del Rey   07/04/2026   347.4 L791 12ed. L85947 07/04/2026 07/04/2026 Libro
        Biblioteca Prof. Eusebio Cleto del Rey Biblioteca Prof. Eusebio Cleto del Rey   07/04/2026   347.4 L791 12ed. L85949 07/04/2026 07/04/2026 Libro
        Biblioteca Prof. Eusebio Cleto del Rey Biblioteca Prof. Eusebio Cleto del Rey   07/04/2026   347.4 L791 12ed. L85950 07/04/2026 07/04/2026 Libro